| Поле | Инд. | ПП | Название | Значение |
|---|---|---|---|---|
| Тип записи | a | |||
| Библиографический уровень | m | |||
| 001 | Контрольный номер | 65545a58-897a-4b18-8130-831347c5720e | ||
| 005 | Дата корректировки | 20131218100551.8 | ||
| 008 | Кодируемые данные | 020312 | ||
| 020 | a | ISBN | 5-211-03785-5 | |
| c | Цена, тираж | 50.00 | ||
| 040 | a | Служба первич. каталог. | НБ ТвГУ | |
| 041 | a | Код языка текста | rus | |
| 080 | a | Индекс УДК | 531(075.8) | |
| 084 | a | Индекс другой классификации/Индекс ББК | В21я731-1 | |
| 090 | x | Авторский знак | В46 | |
| a | Полочн. индекс | В21 | ||
| 100 | 1_ | a | Автор | Вильке Владимир Георгиевич |
| 245 | 10 | a | Заглавие | Теоретическая механика |
| b | Продолж. заглавия | Учеб. для студентов вузов, обучающихся по направлениям "Математика", "Механика", "Прикл. математика и информатика", "Механика, прикл. математика", специальностям "Математика", "Механика", "Прикл. математика" | ||
| c | Ответственность | В. Г. Вильке | ||
| 250 | a | Основные сведения об издании | 2-е изд. | |
| b | Дополнительные сведения об издании | перераб. и доп. | ||
| 260 | 0_ | a | Место издания | Москва |
| b | Издательство | Московский государственный университет | ||
| c | Дата издания | 1998 | ||
| 300 | a | Объем | 269,[2] с. | |
| b | Иллюстрации/ тип воспроизводства | ил. | ||
| 504 | a | Библиография | Библиогр. в конце кн. | |
| 583 | a | Действие | Получение впервые 105 12.03.2002 | |
| k | Исполнитель действия | Дар Редчиц В.П. | ||
| 583 | a | Действие | Приписка 216 01.10.2008 | |
| k | Исполнитель действия | Взамен утраченных | ||
| 650 | a | Основная рубрика | Механика теоретическая | |
| x | Основная подрубрика | Учебники для вузов | ||
| 653 | a | Ключевые слова | Механика | |
| a | Ключевые слова | Теоретическая механика | ||
| 852 | t | Порядковый номер экземпляра | 2 | |
| p | Инвентарный номер | 744648 | ||
| p | Инвентарный номер | 919764 120.00 | ||
| 863 | t | 00231919 | ||
| 888 | a | Бесплатные | ||
| 930 | a | Новая/Ретро | учебники | |
| 952 | p | 105.2002 50.00 1 744648 | ||
| p | 216.2008 120.00 1 919764 | |||
| c | Вид литературы | К ру | ||
| 954 | a | Дата поступления на обработку | 20020331 | |
| 999 | a | Подразделение 2 | Фил3 |